[Event "Charleville Mezieres op 14th"]
[Site "Charleville Mezieres"]
[Date "2017.12.26"]
[Round "6"]
[White "Cieplucha, Yannis"]
[Black "Jacobs, Georges"]
[Result "0-1"]
[WhiteElo "1110"]
[BlackElo "1602"]
[PlyCount "56"]
[EventDate "2017.12.26"]
[EventType "swiss"]
[EventRounds "7"]
[EventCountry "FRA"]
[SourceTitle "CBM 182 Extra"]
[Source "ChessBase"]
[SourceDate "2018.02.23"]
[SourceVersion "1"]
[SourceVersionDate "2018.02.23"]
[SourceQuality "1"]

1. e4 c5 2. Nf3 e6 3. g3 d6 4. Bg2 Nc6 5. 0-0 Be7 6. d3 Bd7 7. Nc3 a6 8. a3 Nf6 9. Bd2 0-0 10. Na2 e5 11. b4 Bg4 12. c4 Qd7 13. bxc5 dxc5 14. Be3 Rfd8 15. Nc1 Nxe4 16. Qc2 Bxf3 17. Bxf3 Ng5 18. Bxg5 Bxg5 19. h4 Bxc1 20. Rfxc1 Qxd3 21. Qxd3 Rxd3 22. Bd5 Kf8 23. Rcb1 Na5 24. Bxb7 Nxb7 25. Rxb7 Rc3 26. Re1 Re8 27. Rb6 Rxa3 28. Rc6 Ra5 0-1

[Event "Charleville Mezieres op 14th"]
[Site "Charleville Mezieres"]
[Date "2017.12.26"]
[Round "7"]
[White "Jacobs, Georges"]
[Black "Rolland, Camille"]
[Result "1-0"]
[WhiteElo "1602"]
[BlackElo "1153"]
[PlyCount "71"]
[EventDate "2017.12.26"]
[EventType "swiss"]
[EventRounds "7"]
[EventCountry "FRA"]
[SourceTitle "CBM 182 Extra"]
[Source "ChessBase"]
[SourceDate "2018.02.23"]
[SourceVersion "1"]
[SourceVersionDate "2018.02.23"]
[SourceQuality "1"]

1. e4 d5 2. exd5 Qxd5 3. Nc3 Qa5 4. d4 c6 5. Bd2 Qc7 6. Nf3 Bg4 7. Be2 Bxf3 8. Bxf3 Nd7 9. 0-0 Ngf6 10. Re1 0-0-0 11. Qc1 e6 12. a4 Bd6 13. g3 h5 14. Bf4 h4 15. Bxd6 Qxd6 16. Qf4 Qxf4 17. gxf4 Nh5 18. Bxh5 Rxh5 19. Ne4 Nf6 20. c3 Nd5 21. Ng5 Nxf4 22. Nxf7 Rd7 23. Ne5 Re7 24. Re4 Nh3+ 25. Kg2 Ng5 26. Rg4 h3+ 27. Kf1 Nh7 28. Ke2 c5 29. Rag1 cxd4 30. cxd4 Rc7 31. Rxg7 Rc2+ 32. Ke3 Rxb2 33. Rg8+ Kc7 34. R8g7+ Kb6 35. Nc4+ Ka6 36. Nxb2 1-0